Women on ice (Record no. 158634)
[ view plain ]
| 000 -LEADER | |
|---|---|
| fixed length control field | 01882nam a2200373 a 4500 |
| 082 04 - DEWEY DECIMAL CLASSIFICATION NUMBER | |
| Classification number | 362.29/952082091733 |
| 100 1# - MAIN ENTRY--AUTHOR NAME | |
| Personal name | Boeri, Miriam. |
| 245 10 - TITLE STATEMENT | |
| Title | Women on ice |
| 260 ## - PUBLICATION, DISTRIBUTION, ETC. (IMPRINT) | |
| Place of publication | New Brunswick, N.J. : |
| Name of publisher | Rutgers University Press, |
| Year of publication | c2013. |
| 300 ## - PHYSICAL DESCRIPTION | |
| Number of Pages | xvi, 231 p. : |
| Other physical details | ill. |
| 505 0# - FORMATTED CONTENTS NOTE | |
| Formatted contents note | Methamphetamine : the perfect drug for suburban women -- Ethnographic research : exploring methamphetamine use in the suburbs -- The gendered drug career : initiation and progression in methamphetamine use -- Gendered lives : combining work and family with drug-using roles -- Gendered risks : health and infectious diseases -- Gendered risks : violence and crime -- The revolving door : treatment, recovery, and relapse -- Policy implications. |
| 650 #0 - SUBJECT ADDED ENTRY--TOPICAL TERM | |
| Topical Term | Women |
| Topical Term | Methamphetamine abuse. |
| Topical Term | Women drug addicts. |
| Topical Term | Drug addiction |
| 856 40 - ELECTRONIC LOCATION AND ACCESS | |
| Uniform Resource Identifier | http://site.ebrary.com/lib/rucke/Doc?id=10635021 |
No items available.
